Návrh systému zberu dát pre účely analýzy dynamických vlastností automobilu

Saved in:
Bibliographic Details
Main Author: Palider, Ondrej (Author)
Other Authors: Milesich, Tomáš (Thesis advisor)
Format: Manuscript Book
Language:Slovak
Published: 2025
Subjects:
Online Access:http://is.stuba.sk/zp/portal_zp.pl?podrobnosti=185179
Tags: Add Tag
No Tags, Be the first to tag this record!

MARC

LEADER 00000ntm a22000003a 4500
001 stuzp106415
003 SK-STU
005 20250621210734.8
007 ta
008 150427s2015----xo-----f-mn---000-0-slo-d
040 |a STU  |b slo 
041 0 |a slo 
100 1 |a Palider, Ondrej  |u 020030  |4 aut  |U SjF Strojnícka fakulta  |T SjF Ústav automobilového inžinierstva a konštruovania  |X 110707  |U J0030  |Y 806  |7 110707 
242 0 1 |a Design of a Data Acquisition System for the Analysis of Vehicle Dynamic Characteristics  |y eng 
245 1 0 |a Návrh systému zberu dát pre účely analýzy dynamických vlastností automobilu 
260 |c 2025 
650 4 |a AILSS  |2 slo 
650 4 |a LiDAR  |2 slo 
650 4 |a Senzor  |2 slo 
650 4 |a AILSS  |2 eng 
650 4 |a LiDAR  |2 eng 
650 4 |a Sensor  |2 eng 
700 1 |a Milesich, Tomáš  |u 020030  |k Z1  |4 ths  |U SjF Strojnícka fakulta  |T SjF Ústav automobilového inžinierstva a konštruovania  |X 49630  |U J0030  |Y 806  |7 A000049630 
856 4 |u http://is.stuba.sk/zp/portal_zp.pl?podrobnosti=185179